000 00318nam a22001457a 4500
003 SGT
020 _a81-7473-323-X
082 _a615.92
_bO16H
100 _aHOSSAIN, A.S.M.T
245 _aOCCUPATIONAL DISEASE AND POISONING
260 _aDELHI
_bAITBS
_c2016
300 _a185
650 _aAYURVEDA
942 _2ddc
_cBK
999 _c14676
_d14676